| 000 | 00560nam a22001457a 4500 | ||
|---|---|---|---|
| 082 | _a200 | ||
| 100 |
_aHanif Aamer _9124519 |
||
| 245 |
_aADAPTATION OF TECHNOLOGY ACCEPTANCE MODEL FOR TECHNOLOGY ENHANCED LEARNING: A META-MODEL FOR APPLICATION IN HEIS/ _cAamer Hanif |
||
| 260 |
_aRawalpindi; _bNUST COLLEGE OF EME _c2019. |
||
| 300 |
_a261,p; _bill; _c30,cm. |
||
| 650 |
_aPhD -ENGINEERING MANAGEMENT _9124516 |
||
| 700 |
_aSupervisor Dr. Faheem Qaisar Jamal _969764 |
||
| 856 | _u http://10.250.8.41:8080/xmlui/handle/123456789/19825 | ||
| 942 |
_cSC _2ddc |
||
| 999 |
_c576899 _d576899 |
||